Những quy định mới nhất về thuế, kế toán - kiểm toán, lao động tiền lương trong các đơn vị doanh nghiệp 2011
Nội dung bao gồm 6 chương trình bày những quy định chung về thuế, về kế toán, kiểm toán, lao động tiền lương trong đơn vị doanh nghiệp. Các văn bản về xây dựng, xăng dầu, nông lâm thủy hải sản, du lịch nhà hàng khách sạn......
保存先:
| フォーマット: | 図書 |
|---|---|
| 言語: | Undetermined |
| 出版事項: |
Hà Nội
Lao động
2011
|
| 主題: | |
| タグ: |
タグ追加
タグなし, このレコードへの初めてのタグを付けませんか!
|
| Thư viện lưu trữ: | Trung tâm Học liệu Trường Đại học Cần Thơ |
|---|
| LEADER | 01062nam a2200205Ia 4500 | ||
|---|---|---|---|
| 001 | CTU_200587 | ||
| 008 | 210402s9999 xx 000 0 und d | ||
| 020 | |c 350000 | ||
| 082 | |a 346.597065 | ||
| 082 | |b Nh556 | ||
| 245 | 0 | |a Những quy định mới nhất về thuế, kế toán - kiểm toán, lao động tiền lương trong các đơn vị doanh nghiệp 2011 | |
| 245 | 0 | |c Trương Nguyên Tiến Trà sưu tầm và biên soạn | |
| 260 | |a Hà Nội | ||
| 260 | |b Lao động | ||
| 260 | |c 2011 | ||
| 520 | |a Nội dung bao gồm 6 chương trình bày những quy định chung về thuế, về kế toán, kiểm toán, lao động tiền lương trong đơn vị doanh nghiệp. Các văn bản về xây dựng, xăng dầu, nông lâm thủy hải sản, du lịch nhà hàng khách sạn... | ||
| 650 | |a Commercial law,Luật thương mại | ||
| 650 | |z Vietnam | ||
| 904 | |i Bằng | ||
| 980 | |a Trung tâm Học liệu Trường Đại học Cần Thơ | ||